| 000 | 00829nam a2200241 i 4500 | ||
|---|---|---|---|
| 001 | bg | ||
| 245 | 0 | 0 |
_aZarządzanie organizacjami gospodarczymi : _bkoncepcje i metody.T. / _cpod red. Jerzego Lewandowskiego ; Politechnika Łódzka _n1. |
| 260 |
_aŁódź : _bWydawnictwo Politechniki Łódzkiej, _c2005. |
||
| 300 |
_a539 s. : _brys., wykr. ; _c24 cm. |
||
| 500 | _aNa grzb. kolejny nr wydawnictw PŁ: 1135. | ||
| 504 | _aBibliogr. przy pracach. | ||
| 650 | 9 |
_aPrzedsiębiorstwo _xzarządzanie |
|
| 650 | 9 |
_aPrzedsiębiorstwo _xfinanse |
|
| 650 | 9 | _aZarządzanie marketingowe | |
| 700 | 1 |
_aLEWANDOWSKI, Jerzy _c((zarządzanie) ; _d1926- ). _eRed. |
|
| 020 | _a8372831866 | ||
| 040 | _cBPK | ||
| 041 | 0 | _apol | |
| 080 | _a658.1/.5 | ||
| 920 | _a83-7283-186-6 | ||
| 942 | _cKS | ||
| 008 | s pl f |000 0 pol | ||
| 999 |
_c52290 _d52290 |
||
| 856 |
_uhttp://koha.tu.koszalin.pl/cgi-bin/koha/opac-detail.pl?biblionumber=52290 _yKatalog online BPK |
||